Hide and Seek - Countries #16 - Statistics

General Stats
  • This quiz has been taken 12 times
  • The average score is 8 of 16
Answer Stats
Answer % Correct
Brazil
90%
New Zealand
70%
Venezuela
70%
Azerbaijan
60%
Tanzania
60%
Belize
50%
Bosnia and Herzegovina
50%
Kyrgyzstan
50%
Mozambique
50%
Zambia
50%
Zimbabwe
50%
Kazakhstan
40%
Switzerland
40%
Uzbekistan
40%
Czech Republic
30%
They all have the letter "Z" in their names.
30%
No matching quizzes found
Score Distribution
Percent of People with Each Score
Percentile by Number Answered
Your Score History
You have not taken this quiz